000 00678nam a2200289Ia 4500
005 20260324142840.0
008 008 260324s9999 xx 000 0 eng d
020 _a9780203359150
037 _aEBOOK
040 _aCRL
040 _beng
040 _cCRL
041 _2eng
041 _aeng
084 _qCRL
100 _aRichard Schechner
_91159993
245 4 _aThe Future of Ritual
245 0 _bWritings on Culture and Performance
260 _bTaylor and Francis
260 _c1993
365 _a
365 _b230
856 _uhttp://www.taylorfrancis.com/books/9780203359150
942 _cEBOOK
999 _c1818157
_d1818157